VISTAS INTRODUCCION A LA LENGUA ESPANOLA / (Record no. 616746)

000 -LEADER
fixed length control field 00390nam a22001457a 4500
020 ## - INTERNATIONAL STANDARD BOOK NUMBER
Qualifying information HB.
040 ## - CATALOGING SOURCE
Transcribing agency FIZZA ISHAQ
082 ## - DEWEY DECIMAL CLASSIFICATION NUMBER
Classification number 468.2421
Author Mark BLA
100 ## - MAIN ENTRY--PERSONAL NAME
Personal name DONLEY,BLANCO.
9 (RLIN) 133785
245 ## - TITLE STATEMENT
Title VISTAS INTRODUCCION A LA LENGUA ESPANOLA /
Statement of responsibility, etc. BLANCO DONLEY.
250 ## - EDITION STATEMENT
Edition statement 3RD ED.
260 ## - PUBLICATION, DISTRIBUTION, ETC.
Place of publication, distribution, etc. LONDON ;
Name of publisher, distributor, etc. VISTA HIGHER LEARNING,
Date of publication, distribution, etc. 2008.
300 ## - PHYSICAL DESCRIPTION
Extent 637 P. ;
Dimensions 11.1X8.9IN
942 ## - ADDED ENTRY ELEMENTS (KOHA)
Source of classification or shelving scheme
Koha item type Book
Holdings
Withdrawn status Lost status Source of classification or shelving scheme Damaged status Not for loan Permanent Location Current Location Shelving location Date acquired Total Checkouts Full call number Barcode Date last seen Price effective from Koha item type
          NUST Baluchistan Campus (NBC) NUST Baluchistan Campus (NBC) Text Books 03/31/2026   468.2421 BLA QD-641 03/31/2026 03/31/2026 Book
© 2023 Central Library, National University of Sciences and Technology. All Rights Reserved.